000 00380nam a2200145Ia 4500
005 20260328104309.0
008 260328s9999||||xx |||||||||||||| ||und||
100 _aJáuregui, Jorge Mario
245 0 _aEstrategias de Articulación Urbana /
_cJorge Mario Jáuregui
250 _a1a ed.
260 _bnobuko
300 _a307 p.
650 _aCIUDADES Y PUEBLOS
942 _cBK
999 _c10865
_d10865